000 00243 a2200097 4500
001 45577
100 _aLany, J
245 _aReference sources for small and medium sized libraries
260 _aChicago
_bAmerican lib
_c
090 _c28739
_d28739
942 _aNUST-CAE
_cM
_c20823
999 _c280650
_d280650